Stratigraphische Tabelle - Ära und Periode Alter zuordnen - Statistiken

Allgemein
  • Dieses Quiz wurde 4 mal gespielt
  • Das Durchschnittsergebnis liegt bei 1 aus 18
Antwortstatistiken
Hint Antwort % Korrekt
Quartär Dauer: 2,6 Ma
50%
Perm Dauer: 47 Ma
25%
Kreide Dauer: 79 Ma
25%
Silur Dauer: 26 Ma
0%
Tonium Dauer: 280 Ma
0%
Ordovizium Dauer: 41 Ma
0%
Trias Dauer: 51 Ma
0%
Kambrium Dauer: 54 Ma
0%
Jura Dauer: 56,5 Ma
0%
Devon Dauer: 57 Ma
0%
Karbon Dauer: 62 Ma
0%
Tertiär Dauer: 63,5 Ma
0%
Kryogen Dauer: 85 Ma
0%
Ediacarium Dauer: 96 Ma
0%
Neoproterozoikum vor 1 Milliarde bis 539 Ma
0%
Mesozoikum vor 252,5 Ma - 66 Ma
0%
Paläozoikum vor 539 Ma - 252,5 Ma
0%
Känozoikum vor 66 Ma - heute
0%
Keine übereinstimmenden Quizze gefunden
Verteilung der Resultate
Anzahl Personen mit jedem Resultat
Perzentil nach korrekt beantworteten Fragen
Ihre Resultats-Entwicklung
Sie haben dieses Quiz noch nicht gespielt